[Event "Caribbean zt 2.3"]
[Site "Santiago de los Caballeros"]
[Date "2011.03.24"]
[Round "10"]
[White "Del Castilho, Martyn Simon"]
[Black "Pitterson, Jomo"]
[Result "1-0"]
[WhiteElo "2205"]
[BlackElo "2263"]
[PlyCount "77"]
[EventDate "2011.03.18"]
[EventType "tourn"]
[EventRounds "13"]
[EventCountry "DOM"]
[EventCategory "7"]
[SourceTitle "CBM 141 Extra"]
[Source "ChessBase"]
[SourceDate "2011.05.03"]
[SourceVersion "1"]
[SourceVersionDate "2011.05.03"]
[SourceQuality "1"]

1. e4 e6 2. d4 d5 3. Nc3 Bb4 4. e5 c5 5. Bd2 Ne7 6. Nb5 Bxd2+ 7. Qxd2 0-0 8. f4 cxd4 9. Nf3 Nbc6 10. Bd3 f6 11. 0-0 Qb6 12. Kh1 Bd7 13. Nbxd4 Nxd4 14. Nxd4 Nc6 15. Nf3 Ne7 16. Qe2 Rae8 17. c3 Nc6 18. Rad1 Qc7 19. Bb1 Ne7 20. Nd4 f5 21. g4 g6 22. Rg1 fxg4 23. Qxg4 Nf5 24. Bxf5 exf5 25. Qf3 Bc6 26. Rde1 Kh8 27. Re2 a6 28. Qh3 Bb5 29. Reg2 Rg8 30. Rxg6 Rxg6 31. Rxg6 Bd3 32. Rg3 Be4+ 33. Kg1 Qb6 34. Qh5 Rg8 35. Qf7 Rxg3+ 36. hxg3 h6 37. b4 a5 38. e6 axb4 39. e7 1-0

[Event "Olympiad-39"]
[Site "Khanty-Mansiysk"]
[Date "2010.10.01"]
[Round "10.2"]
[White "Joseph, Marcus"]
[Black "Pitterson, Jomo"]
[Result "0-1"]
[WhiteElo "2146"]
[BlackElo "2242"]
[PlyCount "84"]
[EventDate "2010.09.21"]
[EventType "team-swiss"]
[EventRounds "11"]
[EventCountry "RUS"]
[SourceTitle "CBM 139"]
[Source "ChessBase"]
[SourceDate "2010.11.18"]
[SourceVersion "1"]
[SourceVersionDate "2010.11.18"]
[SourceQuality "1"]
[WhiteTeam "Trinidad and Tobago"]
[BlackTeam "Jamaica"]
[WhiteTeamCountry "TRI"]
[BlackTeamCountry "JAM"]

1. e4 e6 2. d4 d5 3. Nc3 Bb4 4. e5 c5 5. a3 Bxc3+ 6. bxc3 Nc6 7. Qg4 g6 8. h4 h6 9. Bd2 c4 10. Be2 Bd7 11. Nh3 Nce7 12. a4 Qa5 13. 0-0 0-0-0 14. Nf4 Kb8 15. Rfb1 Ka8 16. Qf3 Nf5 17. g3 Bc6 18. Bc1 g5 19. Nh5 g4 20. Qxg4 Qxc3 21. Bb2 Qxc2 22. a5 c3 23. Ba3 Qe4 24. Bc5 Nge7 25. Nf6 Qc2 26. Qf3 h5 27. Rc1 Qd2 28. Rd1 Qh6 29. Qxc3 Rc8 30. Qb4 Nxg3 31. fxg3 Qe3+ 32. Kf1 Nf5 33. Qd2 Nxg3+ 34. Kg2 Qxe2+ 35. Kxg3 Rhg8+ 36. Kf4 Rg4+ 37. Nxg4 Qe4+ 38. Kg3 Qxg4+ 39. Kf2 Qxh4+ 40. Kf3 Qh3+ 41. Kf4 Qg4+ 42. Ke3 Qg3+ 0-1

[Event "Caribbean sub zt 2.3.5"]
[Site "Nassau"]
[Date "2010.06.30"]
[Round "8"]
[White "Berrios Echevarria, Gabriel"]
[Black "Pitterson, Jomo"]
[Result "1/2-1/2"]
[WhiteElo "2187"]
[BlackElo "2241"]
[PlyCount "130"]
[EventDate "2010.06.26"]
[EventType "swiss"]
[EventRounds "9"]
[EventCountry "BAH"]
[SourceTitle "EXT 2019"]
[Source "ChessBase"]
[SourceDate "2018.10.10"]
[SourceVersion "1"]
[SourceVersionDate "2018.10.10"]
[SourceQuality "1"]

1. Nf3 Nf6 2. c4 g6 3. b4 Bg7 4. Bb2 0-0 5. g3 d6 6. Bg2 e5 7. 0-0 Re8 8. d3 c6 9. Nbd2 Bf5 10. c5 dxc5 11. bxc5 Nfd7 12. Nc4 Nxc5 13. Bxe5 Bxe5 14. Ncxe5 Nbd7 15. d4 Nxe5 16. Nxe5 Nd7 17. Nc4 Nb6 18. Na5 Qd7 19. Nb3 Rad8 20. e3 Na4 21. Qc1 Bh3 22. Qc4 Bxg2 23. Kxg2 Qd5+ 24. Qxd5 Rxd5 25. Rac1 Rb5 26. Rc4 Nb6 27. Rc5 Rb4 28. Rc2 Nd5 29. Kf3 f5 30. Nc5 a5 31. Nd3 Rb5 32. Rc5 Rxc5 33. Nxc5 b5 34. Rc1 a4 35. Nd3 Rb8 36. a3 Nb6 37. Ne5 Rc8 38. Ke2 Kf8 39. Kd3 Nd5 40. Rxc6 Rxc6 41. Nxc6 Ke8 42. f3 Kd7 43. Ne5+ Ke6 44. e4 Nf6 45. exf5+ gxf5 46. Nc6 Nd5 47. Kd2 Kd6 48. Ne5 Ke6 49. Nd3 Kd6 50. Nf4 Nb6 51. Kc3 Nc4 52. Kb4 Nd2 53. Kxb5 Nxf3 54. h4 Nxd4+ 55. Kxa4 Kc5 56. Nh5 Kc4 57. Ka5 Kd3 58. Kb6 Ke2 59. a4 Nb3 60. Kb5 Kf3 61. Kb4 Na5 62. Kxa5 Kg4 63. Ng7 Kxg3 64. Nxf5+ Kg4 65. Nh6+ Kg3 1/2-1/2

[Event "Caribbean sub zt 2.3.5"]
[Site "Nassau"]
[Date "2010.06.27"]
[Round "3"]
[White "Pitterson, Jomo"]
[Black "Machin Rivera, Mark"]
[Result "1-0"]
[WhiteElo "2241"]
[BlackElo "2212"]
[PlyCount "85"]
[EventDate "2010.06.26"]
[EventType "swiss"]
[EventRounds "9"]
[EventCountry "BAH"]
[SourceTitle "EXT 2019"]
[Source "ChessBase"]
[SourceDate "2018.10.10"]
[SourceVersion "1"]
[SourceVersionDate "2018.10.10"]
[SourceQuality "1"]

1. d4 g6 2. c4 Bg7 3. e4 d6 4. Nc3 Nf6 5. f4 0-0 6. Nf3 c5 7. dxc5 Qa5 8. Bd3 Qxc5 9. Qe2 a6 10. Be3 Qa5 11. 0-0 Nbd7 12. a3 Qc7 13. b4 b6 14. Rac1 e6 15. Rfd1 Bb7 16. Kh1 Rac8 17. Nd4 Qb8 18. Nb3 Rfe8 19. Bb1 Bf8 20. Bf2 Nh5 21. Be3 Qa8 22. e5 Qb8 23. Be4 f5 24. Bxb7 Qxb7 25. exd6 Bh6 26. c5 Bxf4 27. Bxf4 Nxf4 28. Qf3 Qxf3 29. gxf3 bxc5 30. bxc5 Rb8 31. c6 Rxb3 32. cxd7 Rd8 33. Na4 Rbb8 34. Rc7 Nd5 35. Rdc1 Nf6 36. Nc5 a5 37. Re1 Kf7 38. Rxe6 Rb1+ 39. Kg2 Nd5 40. Re5 Nf4+ 41. Kf2 Rbb8 42. Re7+ Kf6 43. Nb7 1-0

[Event "JAM-ch"]
[Site "Kingston"]
[Date "2010.04.14"]
[Round "4"]
[White "Pitterson, Jomo"]
[Black "Mellace, Andrew"]
[Result "1-0"]
[WhiteElo "2241"]
[BlackElo "1995"]
[PlyCount "99"]
[EventDate "2010.04.09"]
[EventType "tourn"]
[EventRounds "11"]
[EventCountry "JAM"]
[SourceTitle "EXT 2013"]
[Source "ChessBase"]
[SourceDate "2012.11.22"]
[SourceVersion "1"]
[SourceVersionDate "2012.11.22"]
[SourceQuality "1"]

1. d4 d5 2. Nf3 e6 3. c4 Nf6 4. g3 c5 5. cxd5 exd5 6. Bg2 Nc6 7. 0-0 cxd4 8. Nxd4 Bc5 9. Nxc6 bxc6 10. Qc2 Qb6 11. Nc3 Be7 12. Be3 Qa6 13. Rac1 Bb7 14. Na4 0-0 15. Rfd1 Rfe8 16. Rd3 Nd7 17. a3 Nb6 18. Nc5 Bxc5 19. Bxc5 Nc4 20. e4 Rad8 21. Rb3 h6 22. Rb4 Nb6 23. exd5 cxd5 24. Bf1 Nc4 25. b3 Qc6 26. bxc4 dxc4 27. Rxb7 Qxb7 28. Qxc4 Rc8 29. Qb4 Qf3 30. Be3 Rxc1 31. Bxc1 Rd8 32. Be3 Rd1 33. Qc4 a5 34. h4 Ra1 35. Kh2 Qd1 36. Bg2 Qg1+ 37. Kh3 Qb1 38. Be4 Qf1+ 39. Qxf1 Rxf1 40. a4 Kf8 41. Kg2 Rd1 42. Bb6 Rc1 43. Bd3 f6 44. Bxa5 g5 45. hxg5 fxg5 46. Bb6 Rc3 47. Be2 Rc2 48. Bf3 Ke7 49. a5 Rb2 50. Bc5+ 1-0

[Event "Kingston UWI Masters"]
[Site "Kingston"]
[Date "2010.03.19"]
[Round "5.1"]
[White "Lorne, Ras Malaku"]
[Black "Pitterson, Jomo"]
[Result "0-1"]
[WhiteElo "2091"]
[BlackElo "2241"]
[PlyCount "92"]
[EventDate "2010.03.15"]
[EventType "tourn"]
[EventRounds "9"]
[EventCountry "JAM"]
[EventCategory "2"]
[SourceTitle "CBM 135 Extra"]
[Source "ChessBase"]
[SourceDate "2010.05.04"]
[SourceVersion "1"]
[SourceVersionDate "2010.05.04"]
[SourceQuality "1"]

1. Nf3 Nf6 2. c4 g6 3. b4 Bg7 4. Bb2 d6 5. d4 0-0 6. e3 Nbd7 7. Be2 e5 8. 0-0 Qe7 9. Nc3 e4 10. Nd2 c6 11. Qb3 Re8 12. a4 Nf8 13. Rfd1 h5 14. d5 Bf5 15. a5 a6 16. dxc6 bxc6 17. b5 N8d7 18. b6 Nc5 19. Qa3 Ng4 20. h3 Ne5 21. Na4 Nxa4 22. Qxa4 Qg5 23. h4 Qxh4 24. Rab1 Bg4 25. g3 Qh3 26. Bf1 Bxd1 27. Rxd1 Qg4 28. Bxe5 Bxe5 29. Bg2 f5 30. Rb1 h4 31. b7 Rab8 32. gxh4 f4 33. exf4 Bxf4 34. Nf1 Qd7 35. Rb6 Rxb7 36. Rxa6 c5 37. Qc2 Qf5 38. Rc6 Qe5 39. Qe2 Rb2 40. Qg4 Qf5 41. Bh3 Qxg4+ 42. Bxg4 e3 43. fxe3 Bxe3+ 44. Kh1 Bf4 45. Bf3 Re1 46. Bg2 Ra1 0-1

[Event "Kingston UWI Masters"]
[Site "Kingston"]
[Date "2010.03.19"]
[Round "6.1"]
[White "Pitterson, Jomo"]
[Black "Margvelashvili, Giorgi"]
[Result "0-1"]
[WhiteElo "2241"]
[BlackElo "2527"]
[PlyCount "52"]
[EventDate "2010.03.15"]
[EventType "tourn"]
[EventRounds "9"]
[EventCountry "JAM"]
[EventCategory "2"]
[SourceTitle "CBM 135 Extra"]
[Source "ChessBase"]
[SourceDate "2010.05.04"]
[SourceVersion "1"]
[SourceVersionDate "2010.05.04"]
[SourceQuality "1"]

1. d4 Nf6 2. c4 e6 3. g3 c5 4. d5 exd5 5. cxd5 g6 6. Nc3 d6 7. Nf3 Bg7 8. Bg2 0-0 9. 0-0 a6 10. a4 Nbd7 11. Nd2 Re8 12. Nc4 Ne5 13. Na3 Nh5 14. h3 f5 15. Qc2 Rb8 16. Rb1 Qc7 17. Bd2 Bd7 18. Kh2 b5 19. b4 cxb4 20. Rxb4 bxa4 21. Rfb1 Rxb4 22. Rxb4 a5 23. Rb5 Bxb5 24. Naxb5 Qc5 25. Be3 Qb4 26. Nc7 Rc8 0-1

[Event "Kingston UWI Masters"]
[Site "Kingston"]
[Date "2010.03.16"]
[Round "3.1"]
[White "Byfield, Geoffrey"]
[Black "Pitterson, Jomo"]
[Result "1/2-1/2"]
[WhiteElo "2135"]
[BlackElo "2241"]
[PlyCount "164"]
[EventDate "2010.03.15"]
[EventType "tourn"]
[EventRounds "9"]
[EventCountry "JAM"]
[EventCategory "2"]
[SourceTitle "CBM 135 Extra"]
[Source "ChessBase"]
[SourceDate "2010.05.04"]
[SourceVersion "1"]
[SourceVersionDate "2010.05.04"]
[SourceQuality "1"]

1. e4 c5 2. d4 cxd4 3. c3 Nf6 4. e5 Nd5 5. Nf3 e6 6. cxd4 b6 7. Nc3 Nxc3 8. bxc3 Qc7 9. Bd2 Bb7 10. Bd3 d6 11. 0-0 Be7 12. Rc1 Nd7 13. Bf4 dxe5 14. Nxe5 Nxe5 15. Bxe5 Bd6 16. Bb5+ Kf8 17. f4 f6 18. Qb3 Ke7 19. f5 Bxe5 20. Qxe6+ Kf8 21. dxe5 a6 22. Rcd1 Qc5+ 23. Kh1 Qxe5 24. Bc4 Qxe6 25. Bxe6 Re8 26. Rd7 Re7 27. Rd8+ Re8 28. Rfd1 Bc6 29. Rxe8+ Kxe8 30. Rd6 Be4 31. Rxb6 Ke7 32. Rxa6 Rb8 33. Ra7+ Kd6 34. Bb3 Rc8 35. c4 g5 36. fxg6 hxg6 37. Kg1 Ke5 38. Rd7 f5 39. Kf2 g5 40. h3 f4 41. Rd2 Kf6 42. a4 Rb8 43. Bd1 Rb4 44. a5 Rxc4 45. Ra2 Rc7 46. Bf3 Bd3 47. a6 Ra7 48. Be2 Be4 49. Ra5 Bc6 50. Bf3 Bd7 51. Bb7 Be6 52. Kf3 Bc4 53. Ke4 Bf1 54. Kd4 f3 55. Bxf3 Rxa6 56. Rxa6+ Bxa6 57. Bg4 Bb7 58. g3 Bg2 59. Ke3 Bd5 60. Bf3 Ba2 61. Bg2 Bb1 62. Be4 Ba2 63. Bc6 Be6 64. Bg2 Ba2 65. Kd4 Bb3 66. Bd5 Bc2 67. Bc4 Bd1 68. Bd5 Be2 69. Bg2 Bd1 70. Kd5 Be2 71. Kd6 Bb5 72. Bd5 Bf1 73. Be6 Bb5 74. Kd5 Bf1 75. Bc8 Be2 76. Ke4 Bb5 77. Kf3 Bc4 78. g4 Bb5 79. Kg3 Bc4 80. h4 gxh4+ 81. Kxh4 Be2 82. g5+ Kg7 1/2-1/2

[Event "Bridgetown Heroes Day-A"]
[Site "Bridgetown"]
[Date "2009.05.01"]
[Round "6"]
[White "Farley, Terry"]
[Black "Pitterson, Jomo"]
[Result "1/2-1/2"]
[WhiteElo "2241"]
[BlackElo "2242"]
[PlyCount "100"]
[EventDate "2009.04.27"]
[EventType "swiss"]
[EventRounds "9"]
[EventCountry "BAR"]
[SourceTitle "CBM 130 Extra"]
[Source "ChessBase"]
[SourceDate "2009.07.02"]
[SourceVersion "2"]
[SourceVersionDate "2009.07.15"]
[SourceQuality "1"]

1. c4 g6 2. Nc3 Bg7 3. g3 d6 4. Bg2 c5 5. Nf3 Nc6 6. 0-0 e5 7. d3 Nge7 8. a3 0-0 9. Rb1 a5 10. Bg5 f6 11. Bd2 Be6 12. Ne1 Rb8 13. Nc2 d5 14. cxd5 Nxd5 15. Ne4 Qe7 16. Ne3 Nxe3 17. Bxe3 Nd4 18. b4 axb4 19. axb4 cxb4 20. Bxd4 exd4 21. Qa4 b3 22. Nd2 f5 23. Qb5 Rfc8 24. Nxb3 Qd7 25. Nc5 Qxb5 26. Rxb5 Bf7 27. Rfb1 Re8 28. Bf3 Re7 29. Rxb7 Rbxb7 30. Nxb7 Be5 31. Na5 Be8 32. Nc4 Bc7 33. Rb7 Kg7 34. e3 dxe3 35. Nxe3 Bd6 36. Rxe7+ Bxe7 37. Kf1 Bb5 38. Ke2 Bd6 39. Kd2 f4 40. Nc2 fxg3 41. hxg3 h5 42. Kc3 Be8 43. Ne3 Be7 44. d4 h4 45. Nd5 Bd8 46. Nf4 Ba5+ 47. Kd3 g5 48. Ne6+ Kf6 49. Nxg5 Kxg5 50. gxh4+ Kxh4 1/2-1/2

[Event "Bridgetown Heroes Day-A"]
[Site "Bridgetown"]
[Date "2009.04.27"]
[Round "1"]
[White "Pitterson, Jomo"]
[Black "Uribe, Mauricio"]
[Result "1/2-1/2"]
[WhiteElo "2242"]
[BlackElo "2416"]
[PlyCount "43"]
[EventDate "2009.04.27"]
[EventType "swiss"]
[EventRounds "9"]
[EventCountry "BAR"]
[SourceTitle "CBM 130 Extra"]
[Source "ChessBase"]
[SourceDate "2009.07.02"]
[SourceVersion "2"]
[SourceVersionDate "2009.07.15"]
[SourceQuality "1"]

1. d4 Nf6 2. c4 e6 3. g3 d5 4. Nf3 dxc4 5. Bg2 Nc6 6. Qa4 Bb4+ 7. Bd2 Nd5 8. Bxb4 Ndxb4 9. 0-0 Rb8 10. Nc3 a6 11. Ne5 0-0 12. Nxc6 Nxc6 13. Bxc6 bxc6 14. Qxc4 Qd6 15. Ne4 Qd5 16. Qc2 Qxd4 17. b3 Rb5 18. Rfd1 Qb4 19. Rac1 Re5 20. Nc5 Rd5 21. Nd3 Qe4 22. Nb2 1/2-1/2

[Event "Mona UWI Masters"]
[Site "Mona"]
[Date "2009.04.19"]
[Round "2"]
[White "Pitterson, Jomo"]
[Black "Matthews, Shane"]
[Result "1/2-1/2"]
[WhiteElo "2242"]
[BlackElo "2205"]
[PlyCount "39"]
[EventDate "2009.04.17"]
[EventType "tourn"]
[EventRounds "7"]
[EventCountry "JAM"]
[EventCategory "3"]
[SourceTitle "CBM 129 Extra"]
[Source "ChessBase"]
[SourceDate "2009.05.05"]
[SourceVersion "2"]
[SourceVersionDate "2009.05.20"]
[SourceQuality "1"]

1. e4 c6 2. d4 d5 3. Nc3 dxe4 4. Nxe4 Bf5 5. Ng3 Bg6 6. h4 h6 7. Nf3 Nf6 8. h5 Bh7 9. Bd3 Bxd3 10. Qxd3 Nbd7 11. Bd2 e6 12. 0-0-0 Qc7 13. Qe2 0-0-0 14. Ne5 Nxe5 15. dxe5 Nd7 16. f4 Be7 17. Ne4 Nc5 18. Nxc5 Bxc5 19. Be3 Qb6 20. Bxc5 1/2-1/2

[Event "Olympiad-38"]
[Site "Dresden"]
[Date "2008.11.23"]
[Round "10"]
[White "Pitterson, Jomo"]
[Black "Al Qudaimi, Basheer"]
[Result "1/2-1/2"]
[WhiteElo "2223"]
[BlackElo "2464"]
[PlyCount "124"]
[EventDate "2008.11.13"]
[EventType "team-swiss"]
[EventRounds "11"]
[EventCountry "GER"]
[SourceTitle "CBM 128"]
[Source "ChessBase"]
[SourceDate "2009.01.28"]
[SourceVersion "1"]
[SourceVersionDate "2009.01.28"]
[SourceQuality "1"]
[WhiteTeam "Jamaica"]
[BlackTeam "Yemen"]
[WhiteTeamCountry "JAM"]
[BlackTeamCountry "YEM"]

1. d4 d5 2. c4 c6 3. Nf3 Nf6 4. Qb3 e6 5. g3 Bd6 6. Bg2 Nbd7 7. 0-0 0-0 8. Nc3 b6 9. Nd2 Bb7 10. e4 Bc7 11. Qc2 dxc4 12. Nxc4 c5 13. dxc5 Nxc5 14. Rd1 Qb8 15. b4 Ncd7 16. Bb2 Rc8 17. Qe2 Ne5 18. Ne3 Nc6 19. a3 Be5 20. f4 Bd4 21. Nb5 Bxb2 22. Qxb2 Ne8 23. e5 a5 24. Rac1 axb4 25. axb4 Ra4 26. Nd6 Nxd6 27. exd6 Nd8 28. d7 Rxc1 29. Rxc1 Ra8 30. Qd4 Bxg2 31. Nxg2 Qb7 32. Ne3 h5 33. f5 b5 34. fxe6 fxe6 35. g4 h4 36. g5 h3 37. Qd2 Qe4 38. Qf2 Ra7 39. Rd1 Ra3 40. Re1 Rd3 41. Qg3 Qxb4 42. g6 Qe4 43. Qg5 Rxd7 44. Qh5 Rd2 45. Qh7+ Kf8 46. Qh8+ Ke7 47. Qxg7+ Kd6 48. Qf8+ Kd7 49. Qg7+ Kd6 50. Qf8+ Kc7 51. Qe7+ Rd7 52. Qf6 Nc6 53. Kf2 Kb7 54. g7 Qh7 55. Rg1 Rd2+ 56. Kg3 Rd7 57. Kf2 Rd2+ 58. Kg3 Rd8 59. Kf2 Rg8 60. Rg6 Nd4 61. Qe7+ Kc6 62. Rg1 Kb6 1/2-1/2

[Event "Olympiad-37"]
[Site "Turin"]
[Date "2006.05.31"]
[Round "10"]
[White "Pitterson, Jomo"]
[Black "Oms Pallisse, Josep"]
[Result "0-1"]
[WhiteElo "2221"]
[BlackElo "2496"]
[PlyCount "132"]
[EventDate "2006.05.21"]
[EventType "team-swiss"]
[EventRounds "13"]
[EventCountry "ITA"]
[SourceTitle "CBM 113"]
[Source "ChessBase"]
[SourceDate "2006.07.31"]
[SourceVersion "1"]
[SourceVersionDate "2006.07.31"]
[SourceQuality "1"]
[WhiteTeam "Jamaica"]
[BlackTeam "Andorra"]
[WhiteTeamCountry "JAM"]
[BlackTeamCountry "AND"]

1. d4 Nf6 2. c4 e6 3. Nc3 Bb4 4. a3 Bxc3+ 5. bxc3 c5 6. e3 Nc6 7. Bd3 0-0 8. Ne2 b6 9. e4 Ne8 10. 0-0 Ba6 11. f4 f5 12. d5 exd5 13. cxd5 Bxd3 14. Qxd3 fxe4 15. Qxe4 Nd6 16. Qd3 Na5 17. f5 Qf6 18. Ng3 Rae8 19. Ra2 Nb3 20. Bf4 c4 21. Qf3 Nxf5 22. Raf2 Nxg3 23. Qxg3 Qg6 24. Bd6 Rxf2 25. Qxf2 h6 26. Be7 Kh7 27. d6 Nc5 28. Qd4 Qe4 29. Qf2 Qe6 30. Re1 Qd5 31. Qe2 Nd3 32. Qe4+ Qxe4 33. Rxe4 b5 34. Kf1 Kg6 35. g4 h5 36. gxh5+ Kxh5 37. h4 Kg6 38. Rg4+ Kf7 39. Re4 a6 40. Ke2 Nc5 41. Rf4+ Kg8 42. Ke3 Rc8 43. Rf5 g6 44. Rg5 Kf7 45. h5 gxh5 46. Rxh5 Ke6 47. Kf4 Nd3+ 48. Ke4 Rc5 49. Rh6+ Kf7 50. Rf6+ Kg7 51. Rf8 Rh5 52. Ra8 Nc5+ 53. Kd4 Ne6+ 54. Ke3 Rh3+ 55. Kd2 Nc5 56. Ra7 Kf7 57. Rc7 Ne4+ 58. Ke1 Ke6 59. Ra7 Nxc3 60. Rxa6 Nb1 61. a4 b4 62. Rb6 Rh1+ 63. Kf2 b3 64. a5 Nc3 65. Bf8 Nd5 66. Rb5 b2 0-1

[Event "Olympiad-37"]
[Site "Turin"]
[Date "2006.05.25"]
[Round "5"]
[White "Juarez Flores, Gustavo Enrique"]
[Black "Pitterson, Jomo"]
[Result "1/2-1/2"]
[WhiteElo "2188"]
[BlackElo "2221"]
[PlyCount "46"]
[EventDate "2006.05.21"]
[EventType "team-swiss"]
[EventRounds "13"]
[EventCountry "ITA"]
[SourceTitle "CBM 113"]
[Source "ChessBase"]
[SourceDate "2006.07.31"]
[SourceVersion "1"]
[SourceVersionDate "2006.07.31"]
[SourceQuality "1"]
[WhiteTeam "Guatemala"]
[BlackTeam "Jamaica"]
[WhiteTeamCountry "GUA"]
[BlackTeamCountry "JAM"]

1. e4 c5 2. Nf3 d6 3. d4 cxd4 4. Nxd4 Nf6 5. f3 e5 6. Bb5+ Nbd7 7. Nf5 Qb6 8. c4 a6 9. Ba4 g6 10. Ne3 Bg7 11. Nc3 0-0 12. Ned5 Nxd5 13. Nxd5 Qd8 14. Bxd7 Bxd7 15. Be3 Bc6 16. Nb6 Rb8 17. Qd3 f5 18. 0-0 fxe4 19. fxe4 Qh4 20. Nd5 Kh8 21. b4 b5 22. Nc3 bxc4 23. Qxc4 Rfc8 1/2-1/2

[Event "JAM-ch"]
[Site "Kingston"]
[Date "2005.04.23"]
[Round "6.6"]
[White "Pitterson, Jomo"]
[Black "Lorne, Ras Malaku"]
[Result "1-0"]
[WhiteElo "2200"]
[BlackElo "2081"]
[PlyCount "55"]
[EventDate "2005.04.03"]
[EventType "tourn"]
[EventRounds "11"]
[EventCountry "JAM"]
[SourceTitle "EXT 2015"]
[Source "ChessBase"]
[SourceDate "2014.11.20"]
[SourceVersion "1"]
[SourceVersionDate "2014.11.20"]
[SourceQuality "1"]

1. d4 Nf6 2. c4 e6 3. Nc3 Bb4 4. Qc2 c5 5. dxc5 Na6 6. a3 Bxc3+ 7. Qxc3 Nxc5 8. b4 Nce4 9. Qb2 d5 10. c5 Nh5 11. e3 f5 12. Be2 Nhf6 13. Nh3 h6 14. Nf4 0-0 15. Ng6 Re8 16. f3 Ng5 17. e4 dxe4 18. Bf4 exf3 19. gxf3 Nf7 20. Bb5 Bd7 21. 0-0-0 Qc8 22. Bxd7 Nxd7 23. Rhg1 e5 24. Qg2 Ng5 25. Bxg5 hxg5 26. Qa2+ Kh7 27. Rxg5 Nf6 28. Qf7 1-0